| 000 | 00912nam a2200229 a 4500 | ||
|---|---|---|---|
| 001 | 79287 | ||
| 003 | BD-RjUL | ||
| 005 | 20220131111928.0 | ||
| 008 | 220131s2020 bg ||||| |||| 00| 0 ben d | ||
| 020 |
_a9789848033715 _c:Tk.150.00 |
||
| 035 | _a(BD-RjUL)79287 | ||
| 040 |
_aBD-RjUL _beng _cBD-RjUL |
||
| 041 | _aben | ||
| 082 |
_223 _a954.9205092 _bRAC 2020 |
||
| 100 |
_aরসুল, এনায়েত _91009 |
||
| 245 |
_aছোটদের বঙ্গবন্ধু শেখ মুজিবুর রহমান / _cএনায়েত রসুল |
||
| 260 |
_aঢাকা : _bমিজান পাবলিশার্স, _c২০২০ |
||
| 300 |
_a৭৫ পৃ.: _bচিত্রসমূহ; _c২২ সেমি. |
||
| 600 |
_aমুজিবুর রহমান, _cশেখ, _d১৯২০-১৯৭৫ |
||
| 600 |
_aMujibur Rahman, _cSheikh, _d1920-1975 |
||
| 942 |
_2ddc _cBK |
||
| 999 |
_c79287 _d79287 |
||